| 000 | 00486nam a2200169 a 4500 | ||
|---|---|---|---|
| 005 | 20140310183317.0 | ||
| 008 | 051129s19uu xx 00 eng d | ||
| 020 | _a9715843905 | ||
| 050 |
_aRM 301.28 _b.C278 2000 |
||
| 100 | _aCarl, Andreas | ||
| 245 |
_aNCLEX - RN made ridiculously simple : _ba lightning fast review / _cAndreas Carl |
||
| 260 |
_aMiami : _bMedMaster Inc, _c2000. |
||
| 300 |
_a379 p. : _bill. ; _c22 cm. |
||
| 521 | _aNUR | ||
| 942 |
_cBK _2lcc _kFOR |
||
| 999 |
_c21311 _d21311 |
||